000 01164cab a2200217 4500
001 ##L132418
008 060206n2006 000 0 eng u
035 _a(Sirsi) u132418
041 0 _aeng
100 1 _aJohnson, Tony
245 0 0 _aDig deeper on PGS
260 _c2006
490 0 _aEstates Gazette
_v(0604) 28 January 2006, 158-161(4)
520 _aAnalyses the government consultation paper on Planning Gain Supplement (L132415), outlining the proposals, suggesting some initial responses to the questions and asking additional questions. Covers valuing planning gain, paying PGS, the scope of PGS, financing infrastructure through the planning system and allocating PGS revenues. Concludes that the PGS proposals stem from a desire to provide more housing but careful consideration needs also to be given to the implications of PGS for commercial development, the viability of which is often far more fragile and cyclical.
590 _aIKA140206
650 2 4 _aPLANNING GAIN SUPPLEMENT
650 _aBARKER REVIEW
690 _aENVIRONMENTAL AND LAND CONSULTANCY-PLANNING AND DEVELOPMENT-PLANNING REFORM
700 1 _aWestlake, Ted
942 _n0
999 _c76429
_d76429